000 00918cab a2200253 4500
001 ABS47630
008 090401t1992 xxu||||| |||| 00| 0 eng d
035 _a(Sirsi) u62715
041 _aeng
100 _aNewton, M.
245 2 _aA new strategy for open space
260 _c1992
350 _a0
490 _aPlanning (for the Natural and Built Environment)
_v(996) 27 November 1992, 6-7(2)
520 _aReviews the `Open Space Planning in London` report commissioned by the London Planning Advisory Committee. The report, a detailed study of open space in London, found that there was not only a deficiency in the quantity of open spaces but also in the quality.
650 _aOPEN SPACES
650 _aPARKS
650 _aPLANNING
650 _aRECREATIONAL FACILITIES
690 _aENVIRONMENTAL AND LAND CONSULTANCY
690 _aPLANNING LAW AND PRACTICE
942 _n0
948 _c04/03/1997
999 _c38943
_d38943